[Event "Athens Siaperas Memorial 15th"]
[Site "Athens"]
[Date "2018.02.02"]
[Round "4"]
[White "Vazelakis, Dimitrios"]
[Black "Stathakis, Nikolaos"]
[Result "1-0"]
[WhiteElo "1920"]
[BlackElo "1353"]
[PlyCount "39"]
[EventDate "2019.01.12"]
[EventType "swiss"]
[EventRounds "7"]
[EventCountry "GRE"]
[SourceTitle "EXT 2020"]
[Source "ChessBase"]
[SourceDate "2019.10.17"]
[SourceVersion "1"]
[SourceVersionDate "2019.10.17"]
[SourceQuality "1"]

1. c4 e5 2. Nc3 Nf6 3. Nf3 Nc6 4. e3 d5 5. cxd5 Nxd5 6. Bb5 Nxc3 7. bxc3 Bd6 8. d4 exd4 9. cxd4 0-0 10. 0-0 Bg4 11. Be2 Re8 12. Rb1 Qf6 13. Rxb7 Nd8 14. Rb1 Qg6 15. Bd2 Bh3 16. Ne1 Bf5 17. Rb3 Be6 18. Rb2 Ba3 19. Qa4 Nc6 20. Qxa3 1-0

[Event "Ambelokipi op 107th"]
[Site "Athens"]
[Date "2010.09.11"]
[Round "1"]
[White "Stathakis, Nikolaos"]
[Black "Kesoglou, Konstantinos"]
[Result "0-1"]
[WhiteElo "1598"]
[BlackElo "2090"]
[PlyCount "102"]
[EventDate "2010.09.11"]
[EventType "swiss"]
[EventRounds "7"]
[EventCountry "GRE"]
[SourceTitle "EXT 2024"]
[Source "ChessBase"]
[SourceDate "2023.10.10"]
[SourceVersion "1"]
[SourceVersionDate "2023.10.10"]
[SourceQuality "1"]

1. e4 c5 2. c3 Nf6 3. e5 Nd5 4. d4 cxd4 5. Nf3 e6 6. cxd4 Qa5+ 7. Bd2 Qb6 8. Qc1 Nc6 9. Nc3 Nxd4 10. Nxd5 Nxf3+ 11. gxf3 exd5 12. Bg2 Bc5 13. 0-0 0-0 14. f4 Bd4 15. Bc3 Bxc3 16. Qxc3 d4 17. Qd2 d6 18. Be4 Re8 19. Qd3 g6 20. Rfd1 dxe5 21. fxe5 Rxe5 22. Qxd4 Rg5+ 23. Kh1 Qxd4 24. Rxd4 Be6 25. Rad1 Rb5 26. b3 Kg7 27. Bd5 Re8 28. Kg1 Bh3 29. a4 Rb6 30. Bc4 Rf6 31. Bf1 Be6 32. b4 Bb3 33. Ra1 Re5 34. Bc4 Bxc4 35. Rxc4 Re2 36. Rf1 Rb2 37. f4 Rc6 38. Rxc6 bxc6 39. Rc1 Rxb4 40. Rxc6 Rxa4 41. Rc7 a5 42. Ra7 Ra2 43. Ra6 a4 44. Kh1 a3 45. Kg1 Kf8 46. Ra7 Ke8 47. Kh1 h5 48. h4 Rf2 49. Rxa3 Rxf4 50. Ra8+ Ke7 51. Ra7+ Kf6 0-1

[Event "Ambelokipi op 105th"]
[Site "Athens"]
[Date "2010.05.08"]
[Round "1"]
[White "Kesoglou, Konstantinos"]
[Black "Stathakis, Nikolaos"]
[Result "1-0"]
[WhiteElo "2084"]
[BlackElo "1575"]
[PlyCount "45"]
[EventDate "2010.05.08"]
[EventType "swiss"]
[EventRounds "5"]
[EventCountry "GRE"]
[SourceTitle "EXT 2024"]
[Source "ChessBase"]
[SourceDate "2023.10.10"]
[SourceVersion "1"]
[SourceVersionDate "2023.10.10"]
[SourceQuality "1"]

1. d4 Nf6 2. c4 g6 3. Nc3 Bg7 4. e4 d6 5. Be2 0-0 6. Bg5 c5 7. d5 h6 8. Bf4 Bd7 9. Nf3 Qa5 10. 0-0 Nh5 11. Bd2 Qb6 12. Qc1 Kh7 13. Nh4 Nf6 14. Bd3 Ng4 15. h3 Ne5 16. Be2 g5 17. Nf5 Bxf5 18. exf5 Na6 19. f4 gxf4 20. Rxf4 e6 21. f6 Ng6 22. fxg7 Nxf4 23. gxf8N+ 1-0

[Event "Ambelokipi op 101th"]
[Site "Athens"]
[Date "2009.12.??"]
[Round "1.6"]
[White "Stathakis, Nikolaos"]
[Black "Makkas, Panayiotis"]
[Result "0-1"]
[WhiteElo "1565"]
[BlackElo "1969"]
[PlyCount "106"]
[EventDate "2009.12.??"]
[EventType "swiss"]
[EventCountry "GRE"]
[SourceTitle "EXT 2024"]
[Source "ChessBase"]
[SourceDate "2023.10.10"]
[SourceVersion "1"]
[SourceVersionDate "2023.10.10"]
[SourceQuality "1"]

1. e4 c6 2. d4 d5 3. Nc3 dxe4 4. Nxe4 Nd7 5. Ng5 Ngf6 6. Bd3 e6 7. N1f3 Bd6 8. Qe2 h6 9. Ne4 Nxe4 10. Qxe4 Nf6 11. Qe2 b6 12. Bd2 a5 13. a4 Nd5 14. Ne5 Qc7 15. Nxc6 Nf4 16. Bxf4 Bxf4 17. Bb5 0-0 18. g3 Bd6 19. 0-0-0 Bb7 20. d5 exd5 21. Nd4 Bc5 22. Qg4 Rac8 23. c3 Qe5 24. Rhe1 Qf6 25. Bd7 Rcd8 26. f4 Kh7 27. Qf5+ Qxf5 28. Bxf5+ g6 29. Bg4 Kg7 30. Kc2 Rfe8 31. Kd2 Bxd4 32. cxd4 Re4 33. Rxe4 dxe4 34. Ke3 Bc6 35. Rc1 Bxa4 36. Rc8 Rxc8 37. Bxc8 f5 38. g4 Kf6 39. h4 fxg4 40. Bxg4 Bc6 41. h5 a4 42. hxg6 Kxg6 43. Be6 Kf6 44. d5 Be8 45. Kxe4 h5 46. f5 b5 47. d6 Bc6+ 48. Bd5 Bd7 49. Kf4 b4 50. Be4 a3 51. bxa3 bxa3 52. Bb1 Bxf5 53. Ba2 Be6 0-1